Top 10 of everything (Record no. 8258)

MARC details
000 -LEADER
fixed length control field 00571nam a22001937a 4500
003 - CONTROL NUMBER IDENTIFIER
control field OSt
005 - DATE AND TIME OF LATEST TRANSACTION
control field 20260204045317.0
008 - FIXED-LENGTH DATA ELEMENTS--GENERAL INFORMATION
fixed length control field 260204b |||||||| |||| 00| 0 eng d
020 ## - INTERNATIONAL STANDARD BOOK NUMBER
International Standard Book Number 978-0-600-61743-3
040 ## - CATALOGING SOURCE
Original cataloging agency DWCL-Main Lib
Transcribing agency OC
082 ## - DEWEY DECIMAL CLASSIFICATION NUMBER
Classification number GR.O31.02 As819 2010
100 ## - MAIN ENTRY--PERSONAL NAME
Personal name Ash, Russel
245 ## - TITLE STATEMENT
Title Top 10 of everything
260 ## - PUBLICATION, DISTRIBUTION, ETC.
Place of publication, distribution, etc. London : Hamlyn : London :
Name of publisher, distributor, etc. Octopus Publishing,
Date of publication, distribution, etc. c2010
300 ## - PHYSICAL DESCRIPTION
Extent 256 p. :
Other physical details ill. ( chiefly col. ) ;
Dimensions 29 cm.
650 ## - SUBJECT ADDED ENTRY--TOPICAL TERM
Topical term or geographic name entry element Curiosities and wonder.
650 ## - SUBJECT ADDED ENTRY--TOPICAL TERM
Topical term or geographic name entry element World records - miscellanea
942 ## - ADDED ENTRY ELEMENTS (KOHA)
Source of classification or shelving scheme Dewey Decimal Classification
Koha item type General Reference
Call number suffix GR.
Suppress in OPAC No
952 ## - LOCATION AND ITEM INFORMATION (KOHA)
--
Holdings
Withdrawn status Lost status Source of classification or shelving scheme Damaged status Not for loan Home library Current library Shelving location Date acquired Source of acquisition Total Checkouts Full call number Barcode Date last seen Copy number Price effective from Koha item type Uniform Resource Identifier
    Dewey Decimal Classification     Junior High School Library Junior High School Library General Reference 09/04/2010 Library Fund   GR. O31.02 As819 2010 JHS - 15780 02/04/2026 c1 02/04/2026 GR